The Features of examination of a surgical patient (Запись № 3233234)

Подробности
000 -МАРКЕР
контрольное поле 01374nam0a2200289 4500
001 - ИДЕНТИФИКАТОР ЗАПИСИ
контрольное поле RU\NLR\b_ik\142777
005 - ИДЕНТИФИКАТОР ВЕРСИИ
контрольное поле 20260407133746.0
010 ## - МЕЖДУНАРОДНЫЙ СТАНДАРТНЫЙ НОМЕР КНИГИ (ISBN)
Номер (ISBN) 5-7487-0916-3
Тираж 300
035 ## - ДРУГИЕ СИСТЕМНЫЕ НОМЕРА
Идентификатор записи (NLR Aleph) 002215957
100 ## - ДАННЫЕ ОБЩЕЙ ОБРАБОТКИ
Данные общей обработки 20060222d2005 |||y0rusy50 ca
101 0# - ЯЗЫК РЕСУРСА
Язык текста, звукозаписи и т.д. английский
Язык резюме русский
102 ## - СТРАНА ПУБЛИКАЦИИ ИЛИ ПРОИЗВОДСТВА
Страна публикации российская федерация
105 ## - ПОЛЕ КОДИРОВАННЫХ ДАННЫХ: ТЕКСТОВЫЕ МАТЕРИАЛЫ, МОНОГРАФИЧЕСКИЕ
Кодированные данные о монографическом текстовом документе a |||||||||
200 1# - ЗАГЛАВИЕ И СВЕДЕНИЯ ОБ ОТВЕТСТВЕННОСТИ
Основное заглавие The Features of examination of a surgical patient
Параллельное заглавие Особенности обследования хирургического больного
Сведения, относящиеся к заглавию the methodical guide for students, course of general surgery
Первые сведения об ответственности Kursk state med. univ., Dep. of general surgery
Последующие сведения об ответственности [ed. by B.S. Soukovatykh]
Язык параллельного заглавия русский
210 ## - ПУБЛИКАЦИЯ, РАСПРОСТРАНЕНИЕ И ДР.
Место издания, распространения и т.д. Kursk
Имя издателя, распространителя и т. д. KSMU
Дата издания, распространения и т.д. 2005
215 ## - ФИЗИЧЕСКАЯ ХАРАКТЕРИСТИКА
Специфическое обозначение материала и объем 49 с.
Другие сведения о физической характеристике ил.
Размеры 21
300 ## - ОБЩИЕ ПРИМЕЧАНИЯ
Текст примечания Рез. на рус. яз.
510 0# - ПАРАЛЛЕЛЬНОЕ ЗАГЛАВИЕ
Параллельное заглавие Особенности обследования хирургического больного
Язык заглавия русский
606 1# - НАИМЕНОВАНИЕ ТЕМЫ КАК ПРЕДМЕТ
Наименование темы Хирургические больные
Формальный подзаголовок Учебные издания для высших учебных заведений
Тематический подзаголовок Клиническое обследование
Системный номер авторитетной/нормативной записи 1994790
Идентификатор авторитетной/нормативной записи RU\NLR\AUTH\661201534
686 4# - ИНДЕКСЫ ДРУГИХ КЛАССИФИКАЦИЙ
Индекс Р45-4я73
702 #1 - ИМЯ ЛИЦА - ВТОРИЧНАЯ ОТВЕТСТВЕННОСТЬ
Начальный элемент ввода Sukovatych
Часть имени, кроме начального элемента ввода B. S.
Код отношения Редактор
712 02 - НАИМЕНОВАНИЕ ОРГАНИЗАЦИИ - ВТОРИЧНАЯ ОТВЕТСТВЕННОСТЬ
Код отношения Прочие
Материалы, к которым относится поле eng
Начальный элемент ввода Kursk state medical university
Структурное подразделение Department of general surgery
Графика поля Латинская
Идентификатор авторитетной/нормативной записи RU\NLR\AUTH\8810080192
Системный номер авторитетной/нормативной записи 662523
801 #0 - ИСТОЧНИК ЗАПИСИ
Страна российская федерация
Организация NLR
Дата составления 20060222
Правила каталогизации PSBO
942 ## - ДОПОЛНИТЕЛЬНЫЕ ЭЛЕМЕНТЫ ЗАПИСИ (АБИС)
Тип экземпляра АБИС Книга
980 ## - КОЛЛЕКЦИЯ
Название коллекции Национальная библиография
Экземпляры
Тип экземпляра Дата поступления Источник поступления Библиотека постоянного хранения Библиотека текущего хранения Место хранения Шифр хранения Штрих-код Статус не для выдачи Публичное примечание
Книга 22.02.2006 Обязательный экземпляр РНБ (Московский) РНБ (Московский) Иностранный книжный фонд Ик 2006-4/5 1051756   ;